000
00190nam a22000857a 4500
999
_c
23922
_d
23922
005
20250924105308.0
008
250924b ||||| |||| 00| 0 eng d
040
_c
sk
245
_a
Rukopisy majstrov